Lịch sử thế giới cổ trung đại Giáo trình cao đẳng Sư phạm
Những đặc trưng cơ bản về kinh tế, chính trị xã hội của các hình thái kinh tế xã hội nguyên thủy, chiếm hữu nô lệ cổ đại, xã hội phomg kiến; những đặc điểm giống nhau, khác nhau giữa phương Đông và phương Tây những thành tựu văn hóa lớn mà con người đã đạt được và tiến trình phát triển của một số qu...
Kaydedildi:
| Diğer Yazarlar: | , , , |
|---|---|
| Materyal Türü: | Kitap |
| Dil: | Vietnamese |
| Baskı/Yayın Bilgisi: |
H.
Đại học Sư phạm
2006
|
| Konular: | |
| Etiketler: |
Etiketle
Etiket eklenmemiş, İlk siz ekleyin!
|
| Thư viện lưu trữ: | Mạng thư viện Đại học Đà Nẵng |
|---|
| LEADER | 02334aam a22005178a 4500 | ||
|---|---|---|---|
| 001 | 000009983 | ||
| 003 | 6182 | ||
| 005 | 20111107081129.0 | ||
| 008 | 111107s2006 viesd | ||
| 020 | |c 50000đ |d 3100b | ||
| 041 | |a vie | ||
| 082 | 1 | 4 | |2 14 |a 909.07 |b Lic |
| 084 | |a P3(0)43z73 | ||
| 084 | |b L000S | ||
| 084 | |a P3(0)32z73 | ||
| 245 | |a Lịch sử thế giới cổ trung đại |b Giáo trình cao đẳng Sư phạm |c B.s.: Nghiêm Đình Vỳ, Lại Bích Ngọc, Lương Kim Thoa.. | ||
| 260 | |a H. |b Đại học Sư phạm |c 2006 | ||
| 300 | |a 384tr. |b ảnh |c 24cm | ||
| 500 | |a Đầu bìa sách ghi: Bộ Giáo dục và Đào tạo. Dự án Đào tạo Giáo viên THCS | ||
| 504 | |a Phụ lục: tr.376-384 | ||
| 520 | |a Những đặc trưng cơ bản về kinh tế, chính trị xã hội của các hình thái kinh tế xã hội nguyên thủy, chiếm hữu nô lệ cổ đại, xã hội phomg kiến; những đặc điểm giống nhau, khác nhau giữa phương Đông và phương Tây những thành tựu văn hóa lớn mà con người đã đạt được và tiến trình phát triển của một số quốc gia tiêu biểu cho một số khu vực trên thế giới | ||
| 650 | 7 | |2 Bộ TK TVQG |a Lịch sử trung đại | |
| 650 | 7 | |2 Bộ TK TVQG |a Lịch sử cổ đại | |
| 650 | 7 | |2 Bộ TK TVQG |a Phương Tây | |
| 650 | 7 | |2 Bộ TK TVQG |a Phương Đông | |
| 651 | 7 | |2 Bộ TK TVQG |a Ai Cập | |
| 651 | 7 | |2 Bộ TK TVQG |a Arập | |
| 651 | 7 | |2 Bộ TK TVQG |a Trung Quốc | |
| 651 | 7 | |2 Bộ TK TVQG |a Ấn Độ | |
| 651 | 7 | |2 Bộ TK TVQG |a Đông Nam Á | |
| 655 | 7 | |2 Bộ TK TVQG |a Giáo trình | |
| 700 | 0 | |a Nghiêm Đình Vỳ |e ch.b. | |
| 700 | 2 | |a Nguyễn Văn Đoàn |b b.s. | |
| 700 | 0 | |a Lương Kim Thoa |e b.s. | |
| 700 | 0 | |a Lại Bích Ngọc |e b.s. | |
| 910 | |a Nguyễn Thị Kim Oanh |d 7/11/2011 | ||
| OWN | |a LSP | ||
| AVA | |a UDN50 |b LSP |d 909.07 Lic |e available |t Error 5001 Not defined in file expand_doc_bib_avail. |f 5 |g 0 |h N |i 0 |k 1 | ||
| 999 | |a From the UDN01 | ||
| AVA | |a UDN50 |b LSP |d 909.07 Lic |e available |t Error 5001 Not defined in file expand_doc_bib_avail. |f 5 |g 0 |h N |i 0 |k 1 | ||
| TYP | |a Monograph | ||
| TYP | |a Printed language | ||
| 980 | |a Mạng thư viện Đại học Đà Nẵng | ||